00738cam a22002057a 4500003000500000005001700005008004100022010000900063011000900072035000900081040000900090100003300099245016400132260004000296300002200336502007500358650003200433650003600465650003100501CHAP20220329133146.0971013s1991 r 00010 d a2826 a3798 a2999 cCHAP00aYépez García, Salomón. 0aEfecto del número de estímulos manuales a nivel del clitorís sobre porcentajes de concepción y tamaño de camada de cerdas inseminadas artificialmente aChapingo, Méx. :bEl autor,c1991 a44 h.b; gráfs. aTesis (Ing. Agr. Esp. en Zootecnia) -- UACH. Departamento de Zootecnia14aGanado porcinoxFecundidad.14aGanado porcinoxReproducción.14aInseminación artificial.